| 000 | 00864nam a2200241Ia 4500 | ||
|---|---|---|---|
| 003 | GCL | ||
| 008 | 140319s9999 xx 000 0 ara d | ||
| 040 |
_aGCL / _cGCL |
||
| 082 | 0 | 4 |
_a301.243 _bا م |
| 100 | 1 | _aابراهيم بدران | |
| 245 | 1 | 0 |
_aمشكلات العلوم والتكنولوجيا فى الوطن العربى / _cابراهيم بدران |
| 300 | _a269 ص | ||
| 490 | _a | ||
| 650 | 0 | 4 | _aالعالم العربى |
| 650 | 0 | 4 | _aالبطالة |
| 650 | 0 | 4 | _aالاجتماع، علم |
| 650 | 0 | 4 | _aالتكولوجيا والحضارة |
| 650 | 0 | 4 | _aالتكنولوجيا والدولة |
| 650 | 0 | 4 | _aالتعليم الجامعى - الوطن العربى |
| 650 | 0 | 4 | _aالعالم العربى - التخطيط التربوى |
| 650 | 0 | 4 | _aالعالم العربى - الاحوال الاقتصادية |
| 942 |
_2ddc _cBK |
||
| 999 |
_c46641 _d46641 |
||